| 000 | 01570nam2a2200289 4500 | ||
|---|---|---|---|
| 001 | RU\NLR\bibl\1402848 | ||
| 005 | 20250615204725.0 | ||
| 010 |
_a978-5-9573-1447-9 _93000 |
||
| 021 |
_aRU _b2009-47114 _92876 |
||
| 035 | _a(NLR Aleph) 001394848 | ||
| 090 |
_a1185367 _c1185367 |
||
| 100 | _a20090819d2009 |||y0rusy50 ca | ||
| 101 | 1 |
_arus _cger |
|
| 102 | _aRU | ||
| 105 | _aac ||||||||| | ||
| 200 | 1 |
_aПрогнозы, транзиты _f[пер. с нем. Н.В. Романовой] |
|
| 210 |
_d2009 _aБ. м. |
||
| 215 |
_a197, [1] с. _cил., портр. _e1 электрон. опт. диск (CD-ROM) |
||
| 300 | _aВ макете загл. сер.: Астрология. Иное знание | ||
| 327 | 1 | _aСодерж. CD-ROMа: АстроСистема : программа по составлению астрологических карт рождения / Варвара Прайс | |
| 461 | 0 |
_1001RU\NLR\bibl\1405492 _12001#$aКреативная астрология$vКн. 2 _91201345 _aЙеле, М. (1958-) _cСанкт-Петербург _d2009 _fМаркус Йеле _lKreative Astrologie _nВесь _o[трилогия] _tКреативная астрология _vКн. 2 |
|
| 464 | 0 |
_12001#$aАстроСистема$eпрограмма по составлению астрологических карт рождения _1700#1$aПрайс$bВ.$gВарвара$4070 _tАстроСистема _aПрайс, Варвара |
|
| 801 | 0 |
_aRU _bNLR _c20090819 _gRCR |
|
| 801 | 1 |
_aRU _bNLR _c20090819 |
|
| 942 | _cBOOK | ||
| 980 | _aNB | ||